<?xml version="1.0" encoding="UTF-8"?>
<record
    xmlns:xsi="http://www.w3.org/2001/XMLSchema-instance"
    xsi:schemaLocation="http://www.loc.gov/MARC21/slim http://www.loc.gov/standards/marcxml/schema/MARC21slim.xsd"
    xmlns="http://www.loc.gov/MARC21/slim">

  <leader>00825cam a22002291  4500</leader>
  <controlfield tag="001">20717)</controlfield>
  <controlfield tag="003">BD-RjUL</controlfield>
  <controlfield tag="005">20231026123357.0</controlfield>
  <controlfield tag="008">820424s1962    ir            000 0bper d</controlfield>
  <datafield tag="035" ind1=" " ind2=" ">
    <subfield code="a">(BD-RjUL)20717)</subfield>
  </datafield>
  <datafield tag="040" ind1=" " ind2=" ">
    <subfield code="a">NN</subfield>
    <subfield code="b">eng</subfield>
    <subfield code="c">NYP</subfield>
    <subfield code="d">OCLCQ</subfield>
    <subfield code="d">DLC</subfield>
  </datafield>
  <datafield tag="041" ind1=" " ind2=" ">
    <subfield code="a">eng</subfield>
  </datafield>
  <datafield tag="082" ind1=" " ind2=" ">
    <subfield code="2">23</subfield>
    <subfield code="a">891.551</subfield>
    <subfield code="b">DED 1962</subfield>
  </datafield>
  <datafield tag="100" ind1="0" ind2=" ">
    <subfield code="a">B&#x101;b&#x101; Fagh&#x101;n&#x12B; Sh&#x12B;r&#x101;z&#x12B;,&#x200F;&#x628;&#x627;&#x628;&#x627; &#x641;&#x63A;&#x627;&#x646;&#x649; &#x634;&#x64A;&#x631;&#x627;&#x632;&#x649;.</subfield>
    <subfield code="d">-1519.</subfield>
    <subfield code="9">9742</subfield>
  </datafield>
  <datafield tag="245" ind1="1" ind2="0">
    <subfield code="a">D&#x12B;v&#x101;n-i  Fagh&#x101;n&#x12B; ;; &#x62F;&#x64A;&#x648;&#x627;&#x646;  &#x641;&#x63A;&#x627;&#x646;&#x649; </subfield>
    <subfield code="c">Manmohan Lal Matardhloi,  ;;  &#x645;&#x646;&#x645;&#x648;&#x647;&#x646; &#x644;&#x627;&#x644; &#x645;&#x627;&#x62A;&#x647;&#x631;&#x62F;&#x647;&#x644;&#x648;&#x64A;</subfield>
  </datafield>
  <datafield tag="260" ind1=" " ind2=" ">
    <subfield code="a">Lahore :</subfield>
    <subfield code="b">Saikh Mubarak Ali, </subfield>
    <subfield code="c">1962</subfield>
  </datafield>
  <datafield tag="300" ind1=" " ind2=" ">
    <subfield code="a">12., 92,251 p.</subfield>
    <subfield code="c">25 cm.</subfield>
  </datafield>
  <datafield tag="650" ind1=" " ind2=" ">
    <subfield code="a">Persian Poetry</subfield>
  </datafield>
  <datafield tag="700" ind1="1" ind2=" ">
    <subfield code="a">&#x62F;&#x647;&#x644;&#x648;&#x64A;, &#x645;&#x646;&#x645;&#x648;&#x647;&#x646; &#x644;&#x627;&#x644; &#x645;&#x627;&#x62A;&#x647;&#x631;    ;;   Dehlawi, Manmohan Lal Mathar  </subfield>
    <subfield code="e">editor.</subfield>
    <subfield code="9">9743</subfield>
  </datafield>
  <datafield tag="942" ind1=" " ind2=" ">
    <subfield code="2">ddc</subfield>
    <subfield code="c">BK</subfield>
  </datafield>
  <datafield tag="999" ind1=" " ind2=" ">
    <subfield code="c">20717</subfield>
    <subfield code="d">20717</subfield>
  </datafield>
  <datafield tag="952" ind1=" " ind2=" ">
    <subfield code="0">0</subfield>
    <subfield code="1">0</subfield>
    <subfield code="2">ddc</subfield>
    <subfield code="4">0</subfield>
    <subfield code="7">1</subfield>
    <subfield code="8">NFIC</subfield>
    <subfield code="a">RUCL</subfield>
    <subfield code="b">RUCL</subfield>
    <subfield code="c">Reading</subfield>
    <subfield code="d">2023-10-26</subfield>
    <subfield code="e">Sk. mubarak Ali</subfield>
    <subfield code="g">5.00</subfield>
    <subfield code="o">F 891.551 DED 1962</subfield>
    <subfield code="r">2023-10-26 00:00:00</subfield>
    <subfield code="t">C-1</subfield>
    <subfield code="y">BK</subfield>
  </datafield>
  <datafield tag="952" ind1=" " ind2=" ">
    <subfield code="0">0</subfield>
    <subfield code="1">0</subfield>
    <subfield code="2">ddc</subfield>
    <subfield code="4">0</subfield>
    <subfield code="7">0</subfield>
    <subfield code="8">NFIC</subfield>
    <subfield code="a">RUCL</subfield>
    <subfield code="b">RUCL</subfield>
    <subfield code="c">GEN</subfield>
    <subfield code="d">1967-05-15</subfield>
    <subfield code="e">Sk. mubarak Ali</subfield>
    <subfield code="g">5.00</subfield>
    <subfield code="l">0</subfield>
    <subfield code="o">F 891.551 DED 1962</subfield>
    <subfield code="r">2023-10-26 00:00:00</subfield>
    <subfield code="t">C-2</subfield>
    <subfield code="w">2023-10-26</subfield>
    <subfield code="y">BK</subfield>
  </datafield>
</record>
